000 00488nam a2200181Ia 4500
005 20250508162127.0
008 008 250505s9999 xx 000 0 hin d
037 _aTextual
040 _aFEDL
_beng
_cFEDL
041 _ahin
_2eng
084 _a808, CHA
_qFEDL
100 _aSatya Dev Chaudhary
_9772373
245 0 _aBhartiya shailivigyan
260 _aDelhi, India
_bAlankar Prakashan
_c1979
300 _a424p
942 _cTEXL
_h808, CHA
999 _c1374539
_d1374539